Cuando Dios caminó por el mundo: relatos de Chiloé
Saved in:
| Hovedforfatter: | |
|---|---|
| Format: | Bog |
| Sprog: | spansk |
| Udgivet: |
Santiago
Andrés Bello
1994
|
| Serier: | Gran biblioteca Icarito
|
| Fag: | |
| Tags: |
Tilføj Tag
Ingen Tags, Vær først til at tagge denne postø!
|
MARC
| LEADER | 00000nam a2200000 a 4500 | ||
|---|---|---|---|
| 001 | UCY0772 | ||
| 003 | CL-VaPUC | ||
| 008 | 940812e19940000CL |||||||||||||||||spa|d | ||
| 082 | 0 | 4 | |a Ch863 |b HAV |2 21 |
| 100 | |a Haverbeck Ojeda, Erwin |e author |9 542474 | ||
| 245 | 1 | 0 | |a Cuando Dios caminó por el mundo: relatos de Chiloé |
| 300 | |a 78 p | ||
| 942 | |c BK | ||
| 945 | |d 19940812 00:00:00 |a oaravena | ||
| 260 | |a Santiago |b Andrés Bello |c 1994 | ||
| 650 | 0 | |a Cuentos chilenos |9 308280 | |
| 583 | |a last modification |c 19940812 00:00:00 |k Rodrigo Vera | ||
| 490 | 0 | |a Gran biblioteca Icarito | |
| 999 | |c 229691 |d 229689 | ||
| 952 | |0 0 |1 0 |4 0 |6 CH_863_000000000000000_HAV_1994 |7 0 |8 A |9 231144 |a BIBEDU |b BIBEDU |d 2019-11-15 |i 3005763 |o Ch863 HAV 1994 |p 3005763 |r 2019-11-15 |w 2019-11-15 |y BK |k EPE | ||